header

Hospital preaching as informed by bedside listening (Record no. 148704)

MARC details
000 -LEADER
fixed length control field 01348nam a2200313Ia 4500
100 1# - MAIN ENTRY--AUTHOR NAME
Personal name Ihewulezi, Cajetan N.
245 10 - TITLE STATEMENT
Title Hospital preaching as informed by bedside listening
260 ## - PUBLICATION, DISTRIBUTION, ETC. (IMPRINT)
Place of publication Lanham, MD :
Name of publisher University Press of America,
Year of publication 2010.
300 ## - PHYSICAL DESCRIPTION
Number of Pages xiii, 91 p.
650 #0 - SUBJECT ADDED ENTRY--TOPICAL TERM
Topical Term Hospital patients
Topical Term Church work with the sick.
856 40 - ELECTRONIC LOCATION AND ACCESS
Uniform Resource Identifier http://site.ebrary.com/lib/rucke/Doc?id=10434998

No items available.

© 2026 Rongo University
Contact us: librarian | system librarian | Rongo university